Úprava minimálnej mzdy od 1.1.2018

Výška minimálnej mzdy od 1.1.2018 na základe opatrenia MPSVR č. 278/2017 Z. z. Minimálne mzdové nároky. Sadzby minimálnych mzdových nárokov pre rok 2018. Dopady zvýšenia sumy minimálnej mzdy na mzdové veličiny. Daňový bonus. Odmena za produktívnu prácu žiaka pri praktickom vyučovaní.

Salvato in:
Dettagli Bibliografici
Autore principale: Matlovičová, Iveta
Natura: Capitolo di libro
Lingua:slovacco
Soggetti:
Tags: Aggiungi Tag
Nessun Tag, puoi essere il primo ad aggiungerne!!

MARC

LEADER 00000naa a2200000 4500
001 0238594
005 20221104112155.2
041 0 |a slo 
044 |a SK 
245 1 0 |a Úprava minimálnej mzdy od 1.1.2018  |c Iveta Matlovičová 
520 |a Výška minimálnej mzdy od 1.1.2018 na základe opatrenia MPSVR č. 278/2017 Z. z. Minimálne mzdové nároky. Sadzby minimálnych mzdových nárokov pre rok 2018. Dopady zvýšenia sumy minimálnej mzdy na mzdové veličiny. Daňový bonus. Odmena za produktívnu prácu žiaka pri praktickom vyučovaní. 
610 2 0 |a mzdy minimálne 
610 2 0 |a mzdy hodinové 
610 2 0 |a legislatíva 
610 2 0 |a zamestnávatelia 
610 2 0 |a zamestnanci 
610 2 0 |a práca 
100 1 |a Matlovičová, Iveta